000 00792nam a2200253Ia 4500
999 _c55507
_d55507
001 22589
003 GE_BSU
005 20230331143958.0
008 181216s||||||||xx |||||||||||||| ||und||
020 _a9783190416998
040 _cGE_BSU
041 _agre
080 _a811.112.1 T-38
245 _aTestDaF Musterprufung 1:Test Deutsch als Fremdsprache : Musterprufung 1: herausgegeben vom TestDaF-Institut.
264 _aBobingen :
_bHueber Verlag,
_c2005.
300 _a80 p. :
_bill ;
_c29 cm.
_e+1CD-Rom Musterprufung 1
541 _h54gel.
653 _aTestDaF Musterprufung 1
653 _aTest Deutsch als Fremdsprache
653 _aMusterprufung 1
653 _aherausgegeben vom TestDaF-Institut
653 _aგერმანული ენა
942 _cBK
_2udc